000 00858nam a2200253Ia 4500
003 OSt
005 20220923212937.0
006 a|||||r|||| 00| 0
007 ta
008 220922b |||||||| |||| 00| 0 hin d
024 _a157,183
037 _cTextual
040 _aARTS
_cARTS
_bhin
041 _2hin
_ahin
082 _aO152:gN, N1
100 _aउपाध्याय, मंजुल, संपा.
245 0 _aसमकालीन आलोचना की भूमिका
246 _aSamakālīn ālochanā kī bhūmikā
260 _aजयपुर
_b साहित्यागार
_c1991
300 _a275 पृ.
_ccm.
650 _aहिन्दी साहित्य
_9156264
942 _hO152:gN, N1
_cTEXL
_2CC
999 _c312400
_d312400